| 000 | 00876nam a22002297a 4500 | ||
|---|---|---|---|
| 999 |
_c7569 _d7569 |
||
| 003 | AR-CdUCM | ||
| 008 | 190320b ||||| |||| 00| 0 spa d | ||
| 020 | _a84-7232-468-0 | ||
| 040 |
_aMUNICIPALIDAD PROVINCIAL DEL CUSCO _cBIBLIOTECA MUNICIPAL DEL CUSCO |
||
| 082 |
_a304.873 / _bM77 |
||
| 100 |
_aMoncada, Alberto _921375 |
||
| 245 | _aNorteamérica con acento hispano / | ||
| 260 |
_aMadrid : _bCooperación Iberoamericana, _c1988. |
||
| 300 |
_a169 páginas : _c24 cm. |
||
| 440 |
_aColecciones de cultura hispánica _921376 |
||
| 505 | _aContenido: Americanizacion frente a hispanizacion -- La aventura americana, mayoría y minorías -- La presencia hispana -- La américa emergente -- Orientación bibliográfica y datos básicos. | ||
| 650 |
_aMigración _97472 |
||
| 650 |
_aHispanos _921377 |
||
| 650 |
_aEconomía _9382 |
||
| 942 |
_2ddc _cLIBROS |
||
| 945 | _adavv | ||